[Event "SA-2020-0-00731"]
[Site "LSS email"]
[Date "2020.08.16"]
[Round "?"]
[White "Van Bommel, Ton"]
[Black "Sciarretta, Robert W"]
[Result "1/2-1/2"]
[WhiteElo "2129"]
[BlackElo "2162"]
[PlyCount "88"]
[EventDate "2020.07.16"]
[EventType "tourn (corr)"]
[EventRounds "6"]
[EventCountry "GER"]
[SourceTitle "Corr 2022"]
[Source "ChessBase"]
[SourceDate "2021.10.24"]
[SourceVersion "1"]
[SourceVersionDate "2021.10.24"]
[SourceQuality "1"]

1. Nf3 Nf6 2. g3 b6 3. d4 Bb7 4. c4 e6 5. Bg2 Be7 6. 0-0 0-0 7. Nc3 d5 8. cxd5 exd5 9. Bf4 Bd6 10. e3 Re8 11. Rc1 c5 12. Bxd6 Qxd6 13. dxc5 bxc5 14. e4 Nc6 15. exd5 Nb4 16. Re1 h6 17. Rxe8+ Rxe8 18. Nd2 Nfxd5 19. Nce4 Qe7 20. Qb3 Nf6 21. Nxc5 Bxg2 22. Kxg2 Rb8 23. Nf3 Na6 24. Qa3 Nxc5 25. Rxc5 Qe2 26. Re5 Qxb2 27. Qxa7 Rc8 28. a4 Rc2 29. Re7 Qa2 30. a5 Qc4 31. a6 Ng4 32. Qa8+ Kh7 33. Qe4+ Qxe4 34. Rxe4 Rxf2+ 35. Kh3 h5 36. Ra4 Rxf3 37. Ra2 Re3 38. a7 Re8 39. a8Q Rxa8 40. Rxa8 g5 41. Kg2 Kg6 42. h3 Nf6 43. Kf3 g4+ 44. hxg4 Nxg4 1/2-1/2

[Event "RA-2019-0-00634"]
[Site "LSS email"]
[Date "2019.09.01"]
[Round "?"]
[White "Eman, Juan"]
[Black "Sciarretta, Robert W"]
[Result "1/2-1/2"]
[WhiteElo "2259"]
[BlackElo "2121"]
[PlyCount "135"]
[EventDate "2019.07.22"]
[EventType "tourn (corr)"]
[EventRounds "6"]
[EventCountry "GER"]
[SourceTitle "Corr 2022"]
[Source "ChessBase"]
[SourceDate "2021.10.24"]
[SourceVersion "1"]
[SourceVersionDate "2021.10.24"]
[SourceQuality "1"]

1. d4 Nf6 2. Bg5 d5 3. Bxf6 exf6 4. e3 Nd7 5. c4 dxc4 6. Bxc4 Bd6 7. Nf3 f5 8. 0-0 0-0 9. Nc3 Nf6 10. Rc1 c6 11. Re1 g6 12. a3 Kg7 13. g3 Rb8 14. Nd2 Re8 15. Qc2 h6 16. Red1 a6 17. Ba2 Qe7 18. Nc4 Bc7 19. b4 Be6 20. Nd2 Bxa2 21. Qxa2 Rbd8 22. Nf3 b6 23. Qc4 b5 24. Qc5 Qxc5 25. dxc5 Rxd1+ 26. Rxd1 Rc8 27. Nd4 Be5 28. Nce2 Ng8 29. Kg2 Ne7 30. Nc2 Bc7 31. f4 a5 32. Kf3 Kf8 33. h3 Rd8 34. Ned4 axb4 35. axb4 h5 36. g4 hxg4+ 37. hxg4 fxg4+ 38. Kxg4 Ra8 39. Rh1 Kg8 40. e4 Ra2 41. e5 f6 42. exf6 Nd5 43. Kg5 Bd8 44. Kxg6 Bxf6 45. Re1 Kf8 46. Ne6+ Kg8 47. Ncd4 Bxd4 48. Nxd4 Rg2+ 49. Kf5 Nxb4 50. Re6 Kh7 51. Nxc6 Nd3 52. Ne5 Nxc5 53. Rc6 Nb3 54. Nf3 Kg7 55. Rc3 Rb2 56. Rc7+ Kf8 57. Kg6 Ke8 58. f5 Rg2+ 59. Kf6 Kd8 60. Rc3 Na5 61. Rc5 Nc4 62. Rxb5 Nd6 63. Rd5 Kc7 64. Rc5+ Kb6 65. Rc1 Rf2 66. Nd4 Nxf5 67. Nxf5 Rh2 68. Nd4 1/2-1/2

[Event "RA-2019-0-00633"]
[Site "LSS email"]
[Date "2019.08.24"]
[Round "?"]
[White "Borisovs, Leonids"]
[Black "Sciarretta, Robert W"]
[Result "1/2-1/2"]
[WhiteElo "2194"]
[BlackElo "2121"]
[PlyCount "59"]
[EventDate "2019.07.17"]
[EventType "tourn (corr)"]
[EventRounds "6"]
[EventCountry "GER"]
[SourceTitle "Corr 2022"]
[Source "ChessBase"]
[SourceDate "2021.10.24"]
[SourceVersion "1"]
[SourceVersionDate "2021.10.24"]
[SourceQuality "1"]

1. e4 e6 2. d4 d5 3. e5 c5 4. Nf3 Nc6 5. Bd3 cxd4 6. 0-0 Nge7 7. Re1 Ng6 8. Nbd2 f6 9. exf6 gxf6 10. Nb3 Bb4 11. Bd2 Bxd2 12. Qxd2 e5 13. Nfxd4 Nce7 14. Ne2 0-0 15. c3 Qc7 16. Rad1 a5 17. Kh1 Be6 18. Nbc1 Qb6 19. f4 Kh8 20. Rf1 Nh4 21. fxe5 fxe5 22. Qg5 Nhf5 23. Bxf5 Nxf5 24. Nd3 Qe3 25. Rxf5 Qxe2 26. Rxf8+ Rxf8 27. Qxe5+ Qxe5 28. Nxe5 Rf2 29. Nd3 Rc2 30. h3 1/2-1/2